Normal view
MARC view
- Hong Kong (China)
Entry Geographic Name
001 - CONTROL NUMBER
- control field: 99783
003 - CONTROL NUMBER IDENTIFIER
- control field: NUST
005 - DATE AND TIME OF LATEST TRANSACTION
- control field: 20221011102330.0
008 - FIXED-LENGTH DATA ELEMENTS
- fixed length control field: 221011|| aca||aabn | a|a d
040 ## - CATALOGING SOURCE
- Original cataloging agency: NUST
- Transcribing agency: NUST
151 ## - HEADING--GEOGRAPHIC NAME
- Geographic name: Hong Kong (China)
- General subdivision: Commerce
670 ## - SOURCE DATA FOUND
- Source citation: Work cat.: (NUST)0: Sung, Yun-Wing 1948- 99780, The China--Hong Kong connection :, 1991.
